000 00646nam a2200193Ia 4500
001 22045
003 GE_BSU
008 181216s||||||||xx |||||||||||||| ||und||
040 _cGE_BSU
245 _aГеография и природные ресурсы. №4. Октябрь-Декабрь 2017
245 _cГл. ред. В.М.Плюснин. (ред.колл.)
260 _aМосква
260 _c2017
300 _a212 p. 29cm.
653 _aГеография и природные ресурсы. №4. Октябрь-Декабрь 2017
653 _aПериодика
653 _aპერიოდიკა
942 _cCR
999 _c54974
_d54974